000 03034cam a2200337 4500500
005 20251228073948.0
041 _afre
042 _adc
100 1 0 _aZambon, Alessia
_eauthor
245 0 0 _aÀ propos du trépied en bronze de Berlin (Antikensammlung Fr. 768) et des fouilles en Lucanie au XIXe siècle
260 _c2017.
500 _a80
520 _aLe célèbre trépied archaïque en bronze ayant appartenu à la collection Pourtalès‑Gorgier et conservé dans l’Antikensammlung (Fr. 768) de Berlin est considéré comme provenant de la colonie achéenne de Métaponte, sans que d’autres informations sur son contexte d’origine soient connues. On trouve toutefois mention de cet objet à la fois dans des documents de « l’Archivio di Stato » de Potenza et dans les publications de deux érudits du xix e s. : le voyageur et écrivain suisse Charles Didier et l’archéologue Andrea Lombardi. D’après ces sources, l’objet fut découvert en 1825 par des fouilleurs clandestins d’Anzi dans une tombe située, selon des témoignages discordants, soit à Anzi soit à Castronuovo Sant’Andrea. Cet article essaie d’expliquer cette contradiction par l’analyse des différentes informations disponibles. Il apparaît ainsi que le contexte d’origine du trépied doit désormais être déplacé de la colonie grecque de Métaponte vers un site indigène de l’arrière‑pays lucanien, au sein d’une élite locale fortement hellénisée.
520 _aThe famous bronze tripod from the Pourtalès‑Gorgier collection in Berlin (Antikensammlung Fr. 768) is thought to have been found in Metaponto, but no other information on its discovery was know up to now. However, this article shows that it is mentioned in several documents of the Archivio di Stato di Potenza, and also in the accounts of two 19th Century scholars: the Swiss writer and traveller Charles Didier and the Italian archaeologist Andrea Lombardi. According to their accounts, the tripod was found in 1825 by illegal excavators from Anzi, but two different sites, Anzi and Castronuovo, are pointed to as discovery locations. This article tries to explain the contradiction through the analysis of different evidence, amongst which is unpublished archive material. It appears that the provenance of the tripod was not the Greek city of Metapontum, but an indigenous site of the Lucanian hinterland.
690 _aAntiquaires
690 _aCollectionnisme
690 _aFouilles clandestines
690 _aLucanie antique
690 _aMonde grec
690 _aTrépied en bronze
690 _axixe s
690 _a19th Cent
690 _aAncient Lucania
690 _aAntiquarians
690 _aBronze Tripod
690 _aGreek World
690 _aHistory of collections
690 _aIllegal excavations
786 0 _nRevue archéologique | 64 | 2 | 2017-11-24 | p. 233-260 | 0035-0737
856 4 1 _uhttps://shs.cairn.info/revue-archeologique-2017-2-page-233?lang=fr&redirect-ssocas=7080
999 _c1596516
_d1596516